000 00432nam a2200193Ia 4500
005 20240823011824.0
008 240823s9999||||xx |||||||||||||| ||und||
041 _aENGLISH
082 _A4.6
100 _a"Littler,John"
245 0 _aComputers in the Laboratory
250 _a1st
260 _b"Longman,En"
500 _aTRANSFERED
650 _alab
_bGeneral
700 _a" Maher,John"
942 _cBK
999 _c162637
_d162637